LEADER 01015nam a2200241 4500 001 000000333812 003 CaOOAMICUS 005 20190614124611.0 008 190606s2006 it a 000 u ita r 020 $a88-8340-293-6 040 $aSeMil$bita 100 1 $aBuzzi, Gianpiero,$d<1936- >.$0(OLS)http://semarc/name/17083 245 10$aBrissago Valtravaglia :$bstoria, personaggi, curiosità /$cGianpiero Buzzi. 264 1$aVarese :$bMacchione,$c2006. 300 $a340 p., [20] c. di tav. :$bill. ;$c28 cm 651 0$aBrissago Valtravaglia.$0(OLS)http://semarc/subject/48456 850 $aSeMil 852 $aSeMil$W1$xVenegono$y1$m3P V 478$j214003$B226114$CSeMilBibl$Z2$F226114 $81 961 $aLorenzi don Ugo - Omaggio 996 $6020$a88-8340-293-6$9(OLS)http://semarc/number/287451 996 $6245$aBrissago Valtravaglia :$bstoria, personaggi, curiosità$9(OLS)http://semarc/title/423508 996 $6264$aVarese :$bMacchione$9(OLS)http://semarc/publisher/34285 LEADER 01116nam a2200217 i 4500 001 000000243905 003 CaOOAMICUS 005 20150724000000.0 008 150724s1765 xx u000 u lat u 013 $a222810 026 $astr; ond. i-ue seti (3) 1765 (R) 040 $aSeMil$bita 245 10$aTomus 1. 300 $a[22], 586, [2] p. 500 $aSegn.: a-b4 c2 d2(-d2) A-4D4 4E2. 773 0 $aPouget, François Aimé <1666-1723>$tInstitutiones catholicae in modum catecheseos. In quibus quidquid ad religionis historiam & ecclesiae dogmata, mores, sacramenta, preces, usus & caeremonias pertinet ... Ex gallico idiomatae in latinum sermonem translata ... Auctore eodem & interprete Francisco-Amato Pouget Montispessulanaeo ... Tomus 1. [-6.].$bNova editio ad normam ultimae editionis Parisiis excusa anno 1725. diligenter elaborata.$dNemausi : Apud Michaelem Gaude, 1765.$g1$w()32264 850 $aSeMil 852 $aSeMil$W1$xVenegono$y1$m3C VII 5 FA$j194251$B194251$CSeMilBibl$Z2$F204857 $8I 941 1 $a10 961 $aRecupero: Mantegazza 996 $6245$aTomus 1$9(OLS)http://semarc/title/47282